000 00459nam a22001577a 4500
999 _c15717
_d15717
003 OSt
082 _a631.3
_bANI/D
088 _aP 453
100 _aAnirudh M K
_94246
100 _aJoshila Mary J
_94247
100 _aSuraja A R
_94248
245 _aDevelopment of fertiliser application for 4-wheel drive rice transplanter
260 _aTavanur
_bDepartment of Farm machinery and power engineering
_c2019
700 _aShivaji K P (Guide)
_94249
942 _cPR